[Event "Warsaw Cup"]
[Site "Warsaw"]
[Date "1987.??.??"]
[Round "9"]
[White "Dejkalo, Stefan"]
[Black "Sek, Zbigniew"]
[Result "1/2-1/2"]
[WhiteElo "2395"]
[BlackElo "2355"]
[PlyCount "88"]
[EventDate "1987.04.??"]
[EventType "swiss"]
[EventRounds "11"]
[EventCountry "POL"]
[SourceTitle "EXT 2001"]
[Source "ChessBase"]
[SourceDate "2000.11.22"]
[SourceVersion "1"]
[SourceVersionDate "2000.11.22"]
[SourceQuality "1"]

1. Nf3 d5 2. d4 c6 3. c4 Nf6 4. e3 Bf5 5. cxd5 Nxd5 6. Bc4 e6 7. 0-0 Be7 8. Qe2 Bg4 9. Rd1 Nd7 10. h3 Bh5 11. e4 N5b6 12. Bb3 0-0 13. Bf4 Rc8 14. Nc3 Qe8 15. Rd2 Kh8 16. g4 Bg6 17. Re1 c5 18. d5 c4 19. Bd1 Bb4 20. dxe6 fxe6 21. Bg3 Nc5 22. Ne5 Bxc3 23. bxc3 Bxe4 24. Rd4 Bd3 25. Qd2 Rd8 26. h4 Rxd4 27. cxd4 Ne4 28. Qb4 Nxg3 29. fxg3 Qd8 30. Nxd3 cxd3 31. Rxe6 Re8 32. Rxe8+ Qxe8 33. Bf3 h6 34. Qd2 Nc4 35. Qxd3 Qe1+ 36. Kh2 Ne3 37. Qe2 Qxe2+ 38. Bxe2 Kg8 39. Kg1 Kf8 40. Kf2 Nc2 41. Bf3 b6 42. Bd1 Nxd4 43. Ke3 Nc6 44. Ke4 Ke7 1/2-1/2

[Event "Warsaw Cup"]
[Site "Warsaw"]
[Date "1987.??.??"]
[Round "7"]
[White "Dejkalo, Stefan"]
[Black "Wiesniak, Tadeusz"]
[Result "1-0"]
[WhiteElo "2395"]
[BlackElo "2290"]
[PlyCount "53"]
[EventDate "1987.04.??"]
[EventType "swiss"]
[EventRounds "11"]
[EventCountry "POL"]
[SourceTitle "EXT 2001"]
[Source "ChessBase"]
[SourceDate "2000.11.22"]
[SourceVersion "1"]
[SourceVersionDate "2000.11.22"]
[SourceQuality "1"]

1. d4 Nf6 2. c4 c5 3. Nf3 cxd4 4. Nxd4 Qc7 5. e3 a6 6. Be2 b6 7. 0-0 e6 8. b3 Be7 9. Bb2 0-0 10. Nc3 Bb7 11. Rc1 d6 12. f4 Nbd7 13. f5 e5 14. Nc2 b5 15. cxb5 axb5 16. Bxb5 d5 17. a4 Nc5 18. Ne1 Qb6 19. Kh1 d4 20. exd4 exd4 21. Qxd4 Rfd8 22. Qe3 Ng4 23. Qf4 h5 24. h3 Bd6 25. Qg5 Bg3 26. hxg4 Nxb3 27. f6 1-0